Guía para la preservación del pescado : con especial referencia a las condiciones de Africa Occidental /

Guardado en:
Autor Principal: Rawson, G. C.
Autor Corporativo: Organización de las Naciones Unidas para la Agricultura y la Alimentación.
Formato: Libro
Idioma:Spanish
Publicado: Roma : FAO, 1970.
Etiquetas: Agregar Etiqueta
Sin Etiquetas, Sea el primero en etiquetar este registro!
LEADER 00565nam a22001455a 4500
001 EEA.libagro003549
005 20190531111025.0
008 130809s1970####it#a##########000#0#spa#d
082 0 4 |a 641.494 
100 1 |a Rawson, G. C. 
245 1 0 |a Guía para la preservación del pescado :  |b con especial referencia a las condiciones de Africa Occidental /  |c G.C. Rawson. 
260 |a Roma :  |b FAO,  |c 1970. 
300 |a 66 p. :  |b il. ;  |c 23 cm. 
710 2 |a Organización de las Naciones Unidas para la Agricultura y la Alimentación. 
859 |a AR-BbBCA  |b BIB. AGRONOMIA  |h 641.494  |i R262  |p 1985/0786